000 01984nam a22004214a 4500
001 ebr10381295
003 CaPaEBR
006 m u
007 cr cn|||||||||
008 050408s2006 dcu sb 001 0 eng
010 _z 2005010005
015 _aGBA584006
_2bnb
016 7 _z013306235
_2Uk
020 _z081320111X (cloth : alk. paper)
020 _z9780813201115 (cloth : alk. paper)
040 _aCaPaEBR
_cCaPaEBR
035 _a(OCoLC)647916487
041 1 _aeng
_hgrc
050 1 4 _aBR60.F3
_bD53 2006eb
082 0 4 _a270 s
_a224/.9807
_222
100 0 _aDidymus,
_cthe Blind,
_dca. 313-ca. 398.
240 1 0 _aOn Zechariah.
_lEnglish
245 1 0 _aCommentary on Zechariah
_h[electronic resource] /
_ctranslated by Robert C. Hill.
260 _aWashington, D.C. :
_bCatholic University of America Press,
_cc2006.
300 _axi, 372 p.
490 1 _aThe Fathers of the church ;
_vv. 111
500 _aTranslated from the Ancient Greek.
504 _aIncludes bibliographical references (p. ix-xi) and indexes.
505 0 _aCircumstances of composition of the Zechariah Commentary -- Text of the Commentary, Didymus's Biblical text -- Didymus's approach to Scripture -- Style of commentary -- Didymus as interpreter of Zechariah -- Theological accents of the Commentary -- Significance of the Commentary on Zechariah -- Commentary on Zechariah.
533 _aElectronic reproduction.
_bPalo Alto, Calif. :
_cebrary,
_d2013.
_nAvailable via World Wide Web.
_nAccess may be limited to ebrary affiliated libraries.
630 0 0 _aBible.
_pO.T.
_pZechariah
_vCommentaries.
630 0 0 _aBible.
_pO.T.
_pZechariah
_xAllegorical interpretations.
655 7 _aElectronic books.
_2local
700 1 _aHill, Robert C.
_q(Robert Charles),
_d1931-
710 2 _aebrary, Inc.
830 0 _aFathers of the church ;
_vv. 111.
856 4 0 _uhttp://site.ebrary.com/lib/rucke/Doc?id=10381295
_zAn electronic book accessible through the World Wide Web; click to view
999 _c206642
_d206642